000 00490nam a2200181Ia 4500
999 _c37339
_d37339
003 OSt
005 20200929102414.0
008 190216s9999||||xx |||||||||||||| ||und||
040 _coclc
082 _a596
_bYOU/L
100 _aYoung, J Z
_95111
245 0 _aThe Life Of Vertebrates /
_cJ Z Young
250 _a2nd Ed.
260 _bOxford University Press,
_c1962.
_aLondon:
300 _a820p
650 _aZoology
942 _cBK
_2ddc
_h596
_iYOU/L
_k596
_mYOU/L